| 000 | 01337nam a2200409 i 4500 | ||
|---|---|---|---|
| 001 | 37403 | ||
| 003 | KOSZ 005 | ||
| 005 | 20220304112038.0 | ||
| 008 | 010203s2000 pl f f |000 0 pol d | ||
| 020 | _a8391300005 | ||
| 040 |
_cKOSZ 005 _aKOSZ 005 _dKOSZ 005/HR |
||
| 041 | 1 |
_apol _heng |
|
| 046 | _k1977 | ||
| 080 | _a666.97/.98 | ||
| 080 | _a691 | ||
| 080 | _a(07) | ||
| 100 | 1 |
_aNeville, Adam M. _d(1923-2016) _eAutor |
|
| 245 | 1 | 0 |
_aWłaściwości betonu / _cA. M. Neville ; tł. [z ang.] Andrzej Ajdukiewicz, Andrzej Degler, Janusz Kasperkiewicz; red. nauk. Andrzej Ajdukiewicz. |
| 250 | _aWyd. 4. | ||
| 260 |
_aKraków : _bPolski Cement, _c2000. |
||
| 300 |
_aXXI, 874 s. : _bwykr., rys. ; _c24 cm. |
||
| 380 | _aKsiążki | ||
| 388 | _a1901-2000 | ||
| 388 | _a1945-1989 | ||
| 388 | _a1989-2000 | ||
| 504 | _aIndeks. | ||
| 650 | 4 | _aBeton | |
| 650 | 4 | _aCement | |
| 655 | 4 | _aPodręcznik | |
| 658 | _aInżynieria i technika | ||
| 658 | _aArchitektura i budownictwo | ||
| 700 | 1 |
_aAjdukiewicz, Andrzej _d(1939- ) _eRedakcja |
|
| 700 | 1 |
_aDegler, Andrzej _eTłumaczenie |
|
| 700 | 1 |
_aKasperkiewicz, Janusz _d(1938-2008) _eTłumaczenie |
|
| 856 |
_uhttp://koha.tu.koszalin.pl/cgi-bin/koha/opac-detail.pl?biblionumber=37403 _yKatalog online BPK |
||
| 942 |
_cKS _2UKD |
||
| 999 |
_c37403 _d37403 |
||